1529 1103 1234 1305 1811 1337 1220 1012 1585 1628 1871 1508 1661 1996 1408 1133 1765 1175 1422 1166 1515 1095 1655 1554 1954 1502 1193 1819 1350 1798 1397 1696 1167 1161 1350 1823 1832 1601 1025 1726 1335 1804 1237 1383 1437 1347 1111 1996 1915 1868 1485 1130 1609 1804 1885 1615 1758 1749 1041 1584 1312 1313 1975 1702 1466 1154 1260 1268 1015 1504 1602 1120 1537 1356 1001 1057 1871 1738 1679 1735 1008 1095 1173 1138 1436 1088 1761 1398 1078 1876 1694 1394 1303 1410 1571 1126 1033 1849 1585 BCNSPRNW ULIB Ver.6.0+V

เปลี่ยนเป็นภาษาไทย

Change to English
 แสดงรายละเอียดบรรณานุกรม
  กลับหน้าหลัก

Brief Record : Get Marc (ISO 2709) : E-mail record : QR code < ปิดหน้าต่าง
LEADER : 00000nam 2200000uu 4500
001    13399121466
003     ULIB
008    110609s2546 th 000 j tha d
020    ^a9789749166734
090    ^aรส^bส712ข 2546
100 0  ^aสำเริง คำพะอุ
245 10 ^aข้าแต่ศาลที่เคารพและงานคัดสรร /^cสำเริง คำพะอุ
250    ^aพิมพ์ครั้งที่ 1
260    ^aกรุงเทพฯ :^bมูลนิธิสถาบันวิชาการ 14 ตุลา,^c2546
300    ^a147 หน้า ;^c21 ซม.
440  0 ^aหนังสือชุด''ตุลาวรรณกรรม''
500    ^aฉลองครบรอบ 30 ปี 14 ตุลา : 2516-2546 ร่วมวาระประวัติศาสตร์''''วัน 14 ตุลา ประชาธิปไตย''''
650  4 ^aเรื่องสั้นไทย
650  4 ^aเรื่องสั้นไทย^xรวมเรื่อง
710 2  ^aมูลนิธิสถาบันวิชาการ 14 ตุลา
945    ^p0^l0^i14367
995    ^aกัณชพร
999    ^aกัณชพร
รายการนี้ยังไม่มีแท็ก
คุณยังไม่ได้ล็อกอิน คุณสามารถมีกิจกรรมร่วมกับเว็บไซต์ได้ แต่ต้องล็อกอินก่อน ::
  ล็อกอิน

รายการสื่อสารสนเทศ

ลำดับที่ ประเภท เลขเรียก/บาร์โค้ด สถานที่ สถานะ
1. นวนิยาย
นวนิยาย
รส ส712ข 2546  
  Barcode: 14367
ห้องสมุดวิทยาเขตสวรรค์ประชารักษ์
►นวนิยาย
บนชั้น
  ขอยืม

รายการใกล้เคียง
    หัวเรื่อง [เรื่องสั้นไทย]

BibComment


ยังไม่เคยถูกคอมเมนท์

คอมเมนท์ทรัพยากรรายการนี้
  คอมเมนท์: ข้าแต่ศาลที่เคาร..


 Copyright 2026. Bcnsprnw @Library